The art of Galsworthy and other studies. (Record no. 54605)

MARC details
000 -LEADER
fixed length control field 00624cam a22002171 4500
001 - CONTROL NUMBER
control field sa 63002689
003 - CONTROL NUMBER IDENTIFIER
control field DLC
005 - DATE AND TIME OF LATEST TRANSACTION
control field 20260227111935.0
008 - FIXED-LENGTH DATA ELEMENTS--GENERAL INFORMATION
fixed length control field 840917s1963 ii 000 0 eng
010 ## - LIBRARY OF CONGRESS CONTROL NUMBER
LC control number sa 63002689
025 ## - OVERSEAS ACQUISITION NUMBER
Overseas acquisition number PL480:I-E-1858
035 ## - SYSTEM CONTROL NUMBER
System control number (OCoLC)11165007
040 ## - CATALOGING SOURCE
Original cataloging agency DLC
Transcribing agency WU
Modifying agency DLC
050 00 - LIBRARY OF CONGRESS CALL NUMBER
Classification number PR99
Item number .G82
100 1# - MAIN ENTRY--PERSONAL NAME
Personal name Gupta, Prakash Chandra,
Dates associated with a name 1908-
245 14 - TITLE STATEMENT
Title The art of Galsworthy and other studies.
260 ## - PUBLICATION, DISTRIBUTION, ETC.
Place of publication, distribution, etc. Allahabad,
Name of publisher, distributor, etc. Vidyarthi Granthagar
Date of publication, distribution, etc. [1963?]
300 ## - PHYSICAL DESCRIPTION
Extent 287 p.
Dimensions 22 cm.
650 #0 - SUBJECT ADDED ENTRY--TOPICAL TERM
Topical term or geographic name entry element English literature
General subdivision History and criticism.
600 10 - SUBJECT ADDED ENTRY--PERSONAL NAME
Personal name Galsworthy, John,
Dates associated with a name 1867-1933.

No items available.

Powered by Koha